000 00881nas a2200289 4500
001 BR8805109
003 BR-BrBNA
005 20231205091257.0
007 ta
008 230509b bl.|||p| |||| 00| 00por d
040 _aBR-BrBNA
_bpor
_cBiblioteca Nacional de Agricultura
041 _a(Pt)
072 _aL72
100 1 _aGrisi, L.
100 1 _aSa, W.F. de
100 1 _aPimentel, C.S.
100 1 _aMendes, E.A.
100 1 _aCorrea, E.H.F.S.
245 1 _aSeguranca de uso do anti-helmintico Netobimin em porcas em gestacao
246 1 _aSafety of the use of the anthelmintic netobimin in sows during pregnancy
650 _aSUÍNO
650 _aANTI-HELMINTICO
650 _aLANDRACE
773 0 _tHora Veterinaria (Brazil)
_xISSN 0101-9163
_g(May-Jun 1988), v. 8(43) p. 25-28
_wBR8805109
909 _a202311
_bLúcia
_c55
_dLúcia Elande
942 _2AGRIS
_n0
_cANA
999 _c124065
_d124065